El cartero de Bagdad /
Estamos en Bagdad, la ciudad atravesada por el Tigris, la que aparece en los cuentos de Las mil y una noches, la que hoy resiste bajo las bombas, entre fuegos cruzados. La gente vive vigilando el cielo, las escuelas han cerrado y los niños ya no juegan en las calles. Ajeno a todo, Ibrahim reparte el...
Guardado en:
| Autor Principal: | |
|---|---|
| Otros Autores: | , |
| Formato: | Libro |
| Publicado: |
Buenos Aires :
Edelvives,
2010.
|
| Series: | Ala Delta. Verde ; 12
|
| Materias: | |
| Etiquetas: |
Agregar Etiqueta
Sin Etiquetas, Sea el primero en etiquetar este registro!
|
| LEADER | 01309nam a22002775a 4500 | ||
|---|---|---|---|
| 001 | CEM.cems020059 | ||
| 008 | 230502s2010##################000#0#####d | ||
| 005 | 20230502124033.0 | ||
| 245 | 1 | 0 | |a El cartero de Bagdad / |c Marcos S. Calveiro; ilustrado por Miguel Ángel Diez; traducido por Ignacio Chao. |
| 260 | |a Buenos Aires : |b Edelvives, |c 2010. | ||
| 300 | |a 144 p. | ||
| 490 | 0 | |a Ala Delta. Verde ; 12 | |
| 500 | |a Título original: O carteiro de Bagdad. | ||
| 520 | |a Estamos en Bagdad, la ciudad atravesada por el Tigris, la que aparece en los cuentos de Las mil y una noches, la que hoy resiste bajo las bombas, entre fuegos cruzados. La gente vive vigilando el cielo, las escuelas han cerrado y los niños ya no juegan en las calles. Ajeno a todo, Ibrahim reparte el correo en su motocicleta. En un bolsillo lleva una misteriosa carta que se ha propuesto entregar cueste lo que cueste | ||
| 500 | |a Escrita originalmente en portugués. | ||
| 020 | |a 9789876420655 | ||
| 100 | 1 | |a Calveiro, Marcos S. | |
| 700 | 1 | |a Diez, Miguel Ángel; il. | |
| 700 | 1 | |a Chao, Ignacio; trad. | |
| 082 | 0 | 4 | |a 863.4 |
| 653 | |a Literatura | ||
| 653 | |a Literatura española | ||
| 653 | |a Literatura infantil | ||
| 653 | |a Novela | ||
| 653 | |a Novela infantil | ||
| 859 | |a CEMS |b BIB. CEMS - Agricultura |h 863.4 |i C133 |p A3518.23 |t Ej.1 | ||
